Normal view
MARC view
- Diseases
Entry Topical Term
001 - CONTROL NUMBER
- control field: 34443
003 - CONTROL NUMBER IDENTIFIER
- control field: OSt
005 - DATE AND TIME OF LATEST TRANSACTION
- control field: 20131111141444.0
008 - FIXED-LENGTH DATA ELEMENTS
- fixed length control field: 131111|| aca||babn | a|a d
040 ## - CATALOGING SOURCE
- Original cataloging agency: OSt
150 ## - HEADING--TOPICAL TERM
- Topical term or geographic name as entry element: Diseases
- General subdivision: Animal models